| 000 | 00767nam a2200229Ii 4500 | ||
|---|---|---|---|
| 999 |
_c4230 _d4230 |
||
| 001 | 3406081 | ||
| 003 | OSt | ||
| 005 | 20181130183751.0 | ||
| 008 | 771109s1967 mnu 001 0 eng d | ||
| 040 |
_aEXN _cEXN _dm.c. _dBSC |
||
| 082 |
_a223.20 _bT238W |
||
| 092 |
_a223.2052 _bT243w |
||
| 100 | 1 | _aTaylor, Kenneth Nathaniel. | |
| 245 | 1 | 0 |
_aWords of wisdom from living Psalms and Proverbs / _cparaphrased by Kenneth N. Taylor ; compiled by George M. Wilson. |
| 260 |
_aMinneapolis, Minn. : _bWorld Wide Publications, _cc1967. |
||
| 300 |
_a296 p. ; _c18 cm. |
||
| 500 | _aSpecial crusade edition. | ||
| 500 | _aIncludes index. | ||
| 630 | 0 | 0 |
_aBible. _pO.T. _pPsalms _xParaphrases, English. |
| 630 | 0 | 0 |
_aBible. _pO.T. _pProverbs _xParaphrases, English. |
| 942 |
_2ddc _cBK |
||